Statystyki dla Największe państwa graniczące z Atlantykiem

Kliknij tutaj aby rozwiązać quiz!

Ogólne statystyki

  • Ten quiz został rozwiązany 6 209 razy
  • Średni wynik to 11 z 15

Statystyki odpowiedzi

km2Kraj% Poprawnych
9 984 670Kanada
99%
9 526 468Stany Zjednoczone
99%
8 514 877Brazylia
95%
17 098 242Rosja
92%
1 964 375Meksyk
89%
2 780 400Argentyna
86%
1 221 037Południowa Afryka
76%
2 381 741Algieria
63%
2 344 858Dem. Rep. Konga
61%
1 246 700Angola
58%
1 030 700Mauretania
55%
1 141 748Kolumbia
53%
923 768Nigeria
51%
1 002 450Egipt
50%
1 759 540Libia
49%

Rozkład punktacji

Percentyl według liczby udzielonych odpowiedzi

Procent ludzi z każdym wynikiem

Twoja historia wyników

Nie rozwiązałeś tego quizu